[Event "Doncaster 4NCL op-B 15th"]
[Site "Doncaster"]
[Date "2017.09.10"]
[Round "4"]
[White "Quinn, Gerhard"]
[Black "Camp, Syringa Lyn"]
[Result "0-1"]
[WhiteElo "1563"]
[BlackElo "1682"]
[PlyCount "88"]
[EventDate "2017.09.08"]
[EventType "swiss"]
[EventRounds "5"]
[EventCountry "ENG"]
[SourceTitle "CBM 180 Extra"]
[Source "ChessBase"]
[SourceDate "2017.10.06"]
[SourceVersion "1"]
[SourceVersionDate "2017.10.06"]
[SourceQuality "1"]

1. d4 g6 2. Nf3 Bg7 3. e3 Nf6 4. Be2 0-0 5. 0-0 d6 6. c4 c6 7. Nc3 Qc7 8. h3 Nbd7 9. e4 e5 10. d5 Nc5 11. Bd3 a5 12. Bg5 h6 13. Be3 cxd5 14. Nxd5 Nxd5 15. cxd5 Nxd3 16. Qxd3 f5 17. Nh4 fxe4 18. Qxe4 Bf5 19. Nxf5 gxf5 20. Qd3 f4 21. Bd2 Qd7 22. f3 b5 23. Qe4 Qf7 24. Rac1 Rfc8 25. Rc6 Rxc6 26. dxc6 d5 27. Qc2 Rc8 28. Bxa5 Qa7+ 29. Kh2 Qxa5 30. Qg6 Qc7 31. Rc1 Qe7 32. a3 Qf6 33. Qxf6 Bxf6 34. Rc5 d4 35. Kg1 Kf7 36. b3 Ke6 37. Kf1 Be7 38. Rxb5 Rxc6 39. a4 Rc1+ 40. Ke2 Rc2+ 41. Kd3 Rc3+ 42. Kd2 Ba3 43. a5 Bc1+ 44. Kd1 Be3 0-1